[Event "Stay Safe Play From Home 325"]
[Site "Mustafa Kemal Atatürk"]
[Date "2020.07.23"]
[Round "9"]
[White "AChessPlayer"]
[Black "Lazieri3"]
[Result "1-0"]
[WhiteElo "2351"]
[BlackElo "2033"]
[PlyCount "65"]
[EventDate "2020.07.23"]
[EventType "swiss (blitz)"]

1. e4 {[%emt 0:00:01]} c6 {[%emt 0:00:00]} 2. Nf3 {[%emt 0:00:01]} d5 {[%emt 0:00:00]} 3. exd5 {[%emt 0:00:00]} cxd5 {[%emt 0:00:00]} 4. d4 {[%emt 0:00:00]} Nc6 {[%emt 0:00:00]} 5. c3 {[%emt 0:00:01]} Nf6 {[%emt 0:00:00]} 6. Nbd2 {[%emt 0:00:01]} Bf5 {[%emt 0:00:00]} 7. Nh4 {[%emt 0:00:01]} Bg4 {[%emt 0:00:01]} 8. Qb3 {[%emt 0:00:01]} Qb6 {[%emt 0:00:01]} 9. h3 {[%emt 0:00:01]} Qxb3 {[%emt 0:00:01]} 10. axb3 {[%emt 0:00:01]} Bh5 {[%emt 0:00:01]} 11. b4 {[%emt 0:00:01]} Ne4 {[%emt 0:00:08]} 12. b5 {[%emt 0:00:02]} Nd8 {[%emt 0:00:03]} 13. Nxe4 {[%emt 0:00:02]} dxe4 {[%emt 0:00:01]} 14. Nf5 {[%emt 0:00:03]} e6 {[%emt 0:00:02]} 15. Ne3 {[%emt 0:00:02]} f5 {[%emt 0:00:01]} 16. g4 {[%emt 0:00:01]} Bg6 {[%emt 0:00:03]} 17. Nc4 {[%emt 0:00:01]} Nf7 {[%emt 0:00:04]} 18. Nb6 {[%emt 0:00:01]} Rd8 {[%emt 0:00:01]} 19. Rxa7 {[%emt 0:00:00]} Bd6 {[%emt 0:00:04]} 20. Rxb7 {[%emt 0:00:01]} O-O {[%emt 0:00:01]} 21. Nc4 {[%emt 0:00:05]} Bb8 {[%emt 0:00:06]} 22. b6 {[%emt 0:00:01]} e5 {[%emt 0:00:02]} 23. Be3 {[%emt 0:00:03]} exd4 {[%emt 0:00:01]} 24. Bxd4 {[%emt 0:00:01]} f4 {[%emt 0:00:00]} 25. Na5 {[%emt 0:00:04]} Be5 {[%emt 0:00:04]} 26. Bc4 {[%emt 0:00:01]} Bxd4 {[%emt 0:00:01]} 27. cxd4 {[%emt 0:00:00]} Rxd4 {[%emt 0:00:01]} 28. O-O {[%emt 0:00:00]} h5 {[%emt 0:00:03]} 29. Rc7 {[%emt 0:00:01]} Kh7 {[%emt 0:00:05]} 30. b7 {[%emt 0:00:01]} Ne5 {[%emt 0:00:01]} 31. Rc8 {[%emt 0:00:03]} Rxc4 {[%emt 0:00:01]} 32. Nxc4 {[%emt 0:00:02]} Nxc4 {[%emt 0:00:02]} 33. Rxf8 {[%emt 0:00:01] Time} 1-0

[Event "Stay Safe Play From Home 325"]
[Site "Mustafa Kemal Atatürk"]
[Date "2020.07.23"]
[Round "9"]
[White "Lamborghini"]
[Black "SelamiSahin"]
[Result "0-1"]
[WhiteElo "2252"]
[BlackElo "1980"]
[PlyCount "54"]
[EventDate "2020.07.23"]
[EventType "swiss (blitz)"]

1. e4 {[%emt 0:00:03]} c6 {[%emt 0:00:00]} 2. d4 {[%emt 0:00:01]} d5 {[%emt 0:00:00]} 3. Nc3 {[%emt 0:00:01]} dxe4 {[%emt 0:00:01]} 4. Nxe4 {[%emt 0:00:01]} Nf6 {[%emt 0:00:00]} 5. Nxf6+ {[%emt 0:00:01]} exf6 {[%emt 0:00:00]} 6. Bc4 {[%emt 0:00:01]} Bd6 {[%emt 0:00:00]} 7. Qe2+ {[%emt 0:00:00]} Qe7 {[%emt 0:00:01]} 8. Qxe7+ {[%emt 0:00:01]} Bxe7 {[%emt 0:00:00]} 9. Bf4 {[%emt 0:00:01]} O-O {[%emt 0:00:01]} 10. O-O-O {[%emt 0:00:00]} Re8 {[%emt 0:00:00]} 11. Ne2 {[%emt 0:00:01]} Be6 {[%emt 0:00:01]} 12. Bd3 {[%emt 0:00:02]} Nd7 {[%emt 0:00:01]} 13. a3 {[%emt 0:00:01]} Nb6 {[%emt 0:00:01]} 14. Rhe1 {[%emt 0:00:01]} Rad8 {[%emt 0:00:01]} 15. Ng3 {[%emt 0:00:05]} Nd5 {[%emt 0:00:01]} 16. Bd2 {[%emt 0:00:01]} Nb6 {[%emt 0:00:01]} 17. c3 {[%emt 0:00:02]} Bb3 {[%emt 0:00:02]} 18. Bc2 {[%emt 0:00:02]} Bxc2 {[%emt 0:00:00]} 19. Kxc2 {[%emt 0:00:00]} Nc4 {[%emt 0:00:00]} 20. Bc1 {[%emt 0:00:01]} Nb6 {[%emt 0:00:01]} 21. Nf5 {[%emt 0:00:01]} Bf8 {[%emt 0:00:00]} 22. Bf4 {[%emt 0:00:01]} g6 {[%emt 0:00:01]} 23. Rxe8 {[%emt 0:00:03]} Rxe8 {[%emt 0:00:01]} 24. Nd6 {[%emt 0:00:01]} Re2+ {[%emt 0:00:04]} 25. Rd2 {[%emt 0:00:01]} Rxd2+ {[%emt 0:00:02]} 26. Kxd2 {[%emt 0:00:00]} Bxd6 {[%emt 0:00:01]} 27. Kd3 {[%emt 0:00:00]} Bxf4 {[%emt 0:00:01] Lamborghini gibt auf (Lag: Av=0.47s, max=0.9s)} 0-1

[Event "Stay Safe Play From Home 325"]
[Site "Mustafa Kemal Atatürk"]
[Date "2020.07.23"]
[Round "9"]
[White "SoulofWolf"]
[Black "Mepe_Nika"]
[Result "0-1"]
[WhiteElo "2098"]
[BlackElo "2382"]
[PlyCount "134"]
[EventDate "2020.07.23"]
[EventType "swiss (blitz)"]

1. d4 {[%emt 0:00:00]} d5 {[%emt 0:00:01]} 2. Nf3 {[%emt 0:00:00]} Nf6 {[%emt 0:00:01]} 3. c4 {[%emt 0:00:00]} c6 {[%emt 0:00:01]} 4. Nc3 {[%emt 0:00:00]} e6 {[%emt 0:00:00]} 5. b3 {[%emt 0:00:01]} Bb4 {[%emt 0:00:02]} 6. Bb2 {[%emt 0:00:00]} Ne4 {[%emt 0:00:01]} 7. Qc2 {[%emt 0:00:00]} Qa5 {[%emt 0:00:01]} 8. Rc1 {[%emt 0:00:02]} Qxa2 {[%emt 0:00:01]} 9. e3 {[%emt 0:00:03]} Nxc3 {[%emt 0:00:02]} 10. Bxc3 {[%emt 0:00:01]} Qxc2 {[%emt 0:00:00]} 11. Rxc2 {[%emt 0:00:00]} Bxc3+ {[%emt 0:00:00]} 12. Rxc3 {[%emt 0:00:00]} O-O {[%emt 0:00:01]} 13. Bd3 {[%emt 0:00:00]} b6 {[%emt 0:00:01]} 14. O-O {[%emt 0:00:01]} Ba6 {[%emt 0:00:01]} 15. Ra1 {[%emt 0:00:01]} dxc4 {[%emt 0:00:01]} 16. bxc4 {[%emt 0:00:01]} Rd8 {[%emt 0:00:02]} 17. Ne5 {[%emt 0:00:00]} Bb7 {[%emt 0:00:01]} 18. Be4 {[%emt 0:00:01]} f6 {[%emt 0:00:01]} 19. Nd3 {[%emt 0:00:01]} Nd7 {[%emt 0:00:01]} 20. Rb3 {[%emt 0:00:02]} Kf7 {[%emt 0:00:01]} 21. g3 {[%emt 0:00:01]} Ke7 {[%emt 0:00:00]} 22. Bxh7 {[%emt 0:00:01]} f5 {[%emt 0:00:01]} 23. g4 {[%emt 0:00:03]} Rh8 {[%emt 0:00:01]} 24. Bg6 {[%emt 0:00:01]} Kf6 {[%emt 0:00:02]} 25. gxf5 {[%emt 0:00:01]} exf5 {[%emt 0:00:01]} 26. Nf4 {[%emt 0:00:01]} Rh4 {[%emt 0:00:03]} 27. Kf1 {[%emt 0:00:09]} Rxf4 {[%emt 0:00:01]} 28. exf4 {[%emt 0:00:00]} Kxg6 {[%emt 0:00:00]} 29. Ke2 {[%emt 0:00:00]} Kf6 {[%emt 0:00:01]} 30. Kd3 {[%emt 0:00:01]} a5 {[%emt 0:00:03]} 31. Rba3 {[%emt 0:00:00]} Ba6 {[%emt 0:00:01]} 32. Kc3 {[%emt 0:00:02]} Re8 {[%emt 0:00:01]} 33. Rg1 {[%emt 0:00:01]} Re2 {[%emt 0:00:01]} 34. Rb3 {[%emt 0:00:01]} Rxf2 {[%emt 0:00:01]} 35. h4 {[%emt 0:00:01]} Rxf4 {[%emt 0:00:01]} 36. Rg3 {[%emt 0:00:01]} Rxh4 {[%emt 0:00:01]} 37. Rb2 {[%emt 0:00:01]} g5 {[%emt 0:00:02]} 38. Rbg2 {[%emt 0:00:01]} g4 {[%emt 0:00:01]} 39. Rf2 {[%emt 0:00:00]} Rh3 {[%emt 0:00:01]} 40. Rfg2 {[%emt 0:00:00]} Rxg3+ {[%emt 0:00:01]} 41. Rxg3 {[%emt 0:00:00]} Kg5 {[%emt 0:00:00]} 42. Kd3 {[%emt 0:00:01]} b5 {[%emt 0:00:01]} 43. Rg1 {[%emt 0:00:00]} bxc4+ {[%emt 0:00:01]} 44. Kc3 {[%emt 0:00:00]} Nb6 {[%emt 0:00:00]} 45. Re1 {[%emt 0:00:01]} Nd5+ {[%emt 0:00:00]} 46. Kc2 {[%emt 0:00:01]} c3 {[%emt 0:00:00]} 47. Re5 {[%emt 0:00:01]} Bc4 {[%emt 0:00:01]} 48. Re8 {[%emt 0:00:02]} Kf4 {[%emt 0:00:01]} 49. Rg8 {[%emt 0:00:00]} g3 {[%emt 0:00:01]} 50. Rg7 {[%emt 0:00:02]} Kf3 {[%emt 0:00:01]} 51. Kd1 {[%emt 0:00:00]} g2 {[%emt 0:00:01]} 52. Rg5 {[%emt 0:00:00]} f4 {[%emt 0:00:01]} 53. Kc2 {[%emt 0:00:01]} Ne3+ {[%emt 0:00:01]} 54. Kxc3 {[%emt 0:00:01]} Bd5 {[%emt 0:00:00]} 55. Kd3 {[%emt 0:00:01]} Ng4 {[%emt 0:00:00]} 56. Rxg4 {[%emt 0:00:01]} Be4+ {[%emt 0:00:00]} 57. Kc4 {[%emt 0:00:02]} Kxg4 {[%emt 0:00:00]} 58. d5 {[%emt 0:00:00]} g1=Q {[%emt 0:00:00]} 59. dxc6 {[%emt 0:00:00]} Qb6 {[%emt 0:00:01]} 60. c7 {[%emt 0:00:01]} Qxc7+ {[%emt 0:00:01]} 61. Kd4 {[%emt 0:00:00]} Qd6+ {[%emt 0:00:01]} 62. Kxe4 {[%emt 0:00:00]} f3 {[%emt 0:00:01]} 63. Ke3 {[%emt 0:00:00]} Kg3 {[%emt 0:00:01]} 64. Ke4 {[%emt 0:00:01]} f2 {[%emt 0:00:00]} 65. Kf5 {[%emt 0:00:00]} f1=Q+ {[%emt 0:00:01]} 66. Kg5 {[%emt 0:00:00]} Qff6+ {[%emt 0:00:01]} 67. Kh5 {[%emt 0:00:00]} Qh6# {[%emt 0:00:00] (Lag: Av=0.46s, max=1.5s)} 0-1

[Event "Stay Safe Play From Home 325"]
[Site "Mustafa Kemal Atatürk"]
[Date "2020.07.23"]
[Round "9"]
[White "Trotsky"]
[Black "Meini"]
[Result "0-1"]
[WhiteElo "1607"]
[BlackElo "1568"]
[Annotator "NA"]
[PlyCount "58"]
[EventDate "2020.07.23"]
[EventType "swiss (blitz)"]

1. d4 {[%emt 0:00:02]} d5 {[%emt 0:00:02]} 2. e3 {[%emt 0:00:00]} c6 {[%emt 0:00:01]} 3. c4 {[%emt 0:00:01]} Bf5 {[%emt 0:00:01]} 4. Nc3 {[%emt 0:00:01]} e6 {[%emt 0:00:01]} 5. c5 {[%emt 0:00:01]} Nf6 {[%emt 0:00:01]} 6. Bd3 {[%emt 0:00:01]} Bg6 {[%emt 0:00:02]} 7. Qc2 {[%emt 0:00:01]} Nbd7 {[%emt 0:00:01]} 8. h4 {[%emt 0:00:01]} Qc7 {[%emt 0:00:02]} 9. Bd2 {[%emt 0:00:01]} e5 {[%emt 0:00:02]} 10. O-O-O {[%emt 0:00:01]} e4 {[%emt 0:00:03]} 11. Be2 {[%emt 0:00:04]} b6 {[%emt 0:00:01]} 12. h5 {[%emt 0:00:01]} Bf5 {[%emt 0:00:02]} 13. g4 {[%emt 0:00:05]} Bxg4 {[%emt 0:00:02]} 14. f3 {[%emt 0:00:01]} Be6 {[%emt 0:00:02]} 15. fxe4 {[%emt 0:00:01]} Nxe4 {[%emt 0:00:02]} 16. Nf3 {[%emt 0:00:02]} Nxc3 {[%emt 0:00:02]} 17. bxc3 {[%emt 0:00:02]} h6 {[%emt 0:00:03]} 18. Bd3 {[%emt 0:00:02]} Nf6 {[%emt 0:00:02]} 19. e4 {[%emt 0:00:02]} dxe4 {[%emt 0:00:02]} 20. Bxe4 {[%emt 0:00:01]} Nxe4 {[%emt 0:00:01]} 21. Qxe4 {[%emt 0:00:01]} bxc5 {[%emt 0:00:04]} 22. Bf4 {[%emt 0:00:03]} Bd6 {[%emt 0:00:02]} 23. Ne5 {[%emt 0:00:02]} cxd4 {[%emt 0:00:03]} 24. Rxd4 {[%emt 0:00:03]} O-O {[%emt 0:00:02]} 25. Bxh6 {[%emt 0:00:07]} Bd5 {[%emt 0:00:02]} 26. Qf4 {[%emt 0:00:06]} Bxe5 {[%emt 0:00:01]} 27. Qg4 {[%emt 0:00:02]} Kh8 {[%emt 0:00:07] '} 28. Rg1 {[%emt 0:00:02]} Be6 {[%emt 0:00:01]} 29. Qg2 {[%emt 0:00:02]} gxh6 {[%emt 0:00:04] Âðåìÿ (Lag: Av=0.38s, max=0.9s) .} 0-1

[Event "Stay Safe Play From Home 325"]
[Site "Mustafa Kemal Atatürk"]
[Date "2020.07.23"]
[Round "9"]
[White "Mamba2001de"]
[Black "Greblha"]
[Result "1/2-1/2"]
[WhiteElo "1442"]
[BlackElo "1929"]
[Annotator "NA"]
[PlyCount "69"]
[EventDate "2020.07.23"]
[EventType "swiss (blitz)"]

1. e4 {[%emt 0:00:01]} c6 {[%emt 0:00:00]} 2. Nf3 {[%emt 0:00:01]} d5 {[%emt 0:00:00]} 3. exd5 {[%emt 0:00:01]} cxd5 {[%emt 0:00:01]} 4. d4 {[%emt 0:00:00]} Nc6 {[%emt 0:00:02]} 5. Bd3 {[%emt 0:00:00]} Nf6 {[%emt 0:00:02]} 6. c3 {[%emt 0:00:01]} Bg4 {[%emt 0:00:02]} 7. O-O {[%emt 0:00:01]} e6 {[%emt 0:00:01]} 8. Re1 {[%emt 0:00:01]} Be7 {[%emt 0:00:01]} 9. Bf4 {[%emt 0:00:01]} O-O {[%emt 0:00:02]} 10. h3 {[%emt 0:00:01]} Bh5 {[%emt 0:00:01]} 11. Be5 {[%emt 0:00:02]} Nxe5 {[%emt 0:00:02]} 12. dxe5 {[%emt 0:00:01]} Nd7 {[%emt 0:00:02]} 13. Nbd2 {[%emt 0:00:01]} Bg6 {[%emt 0:00:01]} 14. Qc2 {[%emt 0:00:01]} Rc8 {[%emt 0:00:05]} 15. Rac1 {[%emt 0:00:02]} Nc5 {[%emt 0:00:02]} 16. Bxg6 {[%emt 0:00:02]} hxg6 {[%emt 0:00:01]} 17. Nb3 {[%emt 0:00:04]} Nxb3 {[%emt 0:00:01]} 18. axb3 {[%emt 0:00:01]} b6 {[%emt 0:00:00]} 19. Nd4 {[%emt 0:00:01]} Qc7 {[%emt 0:00:01]} 20. Qe2 {[%emt 0:00:03]} Bc5 {[%emt 0:00:01]} 21. Qg4 {[%emt 0:00:02]} Bxd4 {[%emt 0:00:01]} 22. cxd4 {[%emt 0:00:03]} Qxc1 {[%emt 0:00:00]} 23. Rxc1 {[%emt 0:00:01]} Rxc1+ {[%emt 0:00:01]} 24. Kh2 {[%emt 0:00:00]} Rfc8 {[%emt 0:00:01]} 25. Qg5 {[%emt 0:00:03]} R1c2 {[%emt 0:00:02]} 26. Qe7 {[%emt 0:00:02]} Rxb2 {[%emt 0:00:01]} 27. Qxa7 {[%emt 0:00:02]} Rcc2 {[%emt 0:00:03]} 28. Qxb6 {[%emt 0:00:07]} g5 {[%emt 0:00:10]} 29. Qd8+ {[%emt 0:00:02]} Kh7 {[%emt 0:00:01]} 30. Qxg5 {[%emt 0:00:01]} Rxf2 {[%emt 0:00:01]} 31. Qh4+ {[%emt 0:00:01]} Kg8 {[%emt 0:00:01]} 32. Qd8+ {[%emt 0:00:01]} Kh7 {[%emt 0:00:01]} 33. Qh4+ {[%emt 0:00:00]} Kg8 {[%emt 0:00:01]} 34. Qd8+ {[%emt 0:00:01]} Kh7 {[%emt 0:00:01]} 35. Qh4+ {[%emt 0:00:01] (Lag: Av=0.40s, max=0.8s)} 1/2-1/2

[Event "Stay Safe Play From Home 325"]
[Site "Mustafa Kemal Atatürk"]
[Date "2020.07.23"]
[Round "9"]
[White "Klasman"]
[Black "Edmatuag"]
[Result "0-1"]
[WhiteElo "1377"]
[BlackElo "1684"]
[Annotator "NA"]
[PlyCount "76"]
[EventDate "2020.07.23"]
[EventType "swiss (blitz)"]

1. f4 {[%emt 0:00:02]} d5 {[%emt 0:00:01]} 2. Nf3 {[%emt 0:00:01]} Nc6 {[%emt 0:00:00]} 3. e3 {[%emt 0:00:01]} e6 {[%emt 0:00:00]} 4. c4 {[%emt 0:00:01]} Bd6 {[%emt 0:00:01]} 5. d4 {[%emt 0:00:01]} dxc4 {[%emt 0:00:01]} 6. Bxc4 {[%emt 0:00:02]} Nf6 {[%emt 0:00:00]} 7. Nc3 {[%emt 0:00:01]} Bd7 {[%emt 0:00:00]} 8. Bd2 {[%emt 0:00:01]} O-O {[%emt 0:00:00]} 9. O-O {[%emt 0:00:01]} Qe7 {[%emt 0:00:00]} 10. Bd3 {[%emt 0:00:01]} Rad8 {[%emt 0:00:01]} 11. a3 {[%emt 0:00:01]} Nd5 {[%emt 0:00:01]} 12. Qc2 {[%emt 0:00:02]} f6 {[%emt 0:00:02]} 13. Bxh7+ {[%emt 0:00:02]} Kh8 {[%emt 0:00:00]} 14. Be4 {[%emt 0:00:05]} Nb6 {[%emt 0:00:02]} 15. Bxc6 {[%emt 0:00:03]} Bxc6 {[%emt 0:00:03]} 16. Qg6 {[%emt 0:00:01]} Qf7 {[%emt 0:00:04]} 17. Nh4 {[%emt 0:00:01]} Qxg6 {[%emt 0:00:02]} 18. Nxg6+ {[%emt 0:00:01]} Kg8 {[%emt 0:00:00]} 19. Nxf8 {[%emt 0:00:01]} Kxf8 {[%emt 0:00:00]} 20. Rf2 {[%emt 0:00:03]} Nc4 {[%emt 0:00:02]} 21. Be1 {[%emt 0:00:03]} Kf7 {[%emt 0:00:01]} 22. b4 {[%emt 0:00:02]} Rh8 {[%emt 0:00:03]} 23. b5 {[%emt 0:00:01]} Bd5 {[%emt 0:00:04]} 24. Nxd5 {[%emt 0:00:01]} exd5 {[%emt 0:00:00]} 25. Rb1 {[%emt 0:00:03]} Ke7 {[%emt 0:00:01]} 26. b6 {[%emt 0:00:01]} axb6 {[%emt 0:00:02]} 27. a4 {[%emt 0:00:01]} Kd7 {[%emt 0:00:02]} 28. f5 {[%emt 0:00:02]} Bxh2+ {[%emt 0:00:05]} 29. Kf1 {[%emt 0:00:01]} Bg3 {[%emt 0:00:01]} 30. Rf3 {[%emt 0:00:01]} Bxe1 {[%emt 0:00:04]} 31. Rxe1 {[%emt 0:00:01]} Ra8 {[%emt 0:00:01]} 32. Ra1 {[%emt 0:00:03]} Nd2+ {[%emt 0:00:02]} 33. Kf2 {[%emt 0:00:02]} Nxf3 {[%emt 0:00:00]} 34. Kxf3 {[%emt 0:00:01]} b5 {[%emt 0:00:00]} 35. a5 {[%emt 0:00:02]} b4 {[%emt 0:00:01]} 36. Ke2 {[%emt 0:00:02]} Kc6 {[%emt 0:00:01]} 37. Kd2 {[%emt 0:00:01]} Kb5 {[%emt 0:00:00]} 38. Kc2 {[%emt 0:00:01]} c5 {[%emt 0:00:00] Time (Lag: Av=0.63s, max=1.4s)} 0-1

[Event "Stay Safe Play From Home 325"]
[Site "Mustafa Kemal Atatürk"]
[Date "2020.07.23"]
[Round "9"]
[White "Mandy"]
[Black "Haris kollari 13"]
[Result "0-1"]
[WhiteElo "871"]
[BlackElo "1599"]
[Annotator "NA"]
[PlyCount "40"]
[EventDate "2020.07.23"]
[EventType "swiss (blitz)"]

1. d4 {[%emt 0:00:03]} e6 {[%emt 0:00:00]} 2. Bf4 {[%emt 0:00:01]} d5 {[%emt 0:00:00]} 3. e3 {[%emt 0:00:01]} c5 {[%emt 0:00:01]} 4. c3 {[%emt 0:00:02]} Nc6 {[%emt 0:00:01]} 5. Nf3 {[%emt 0:00:01]} f5 {[%emt 0:00:01]} 6. Nbd2 {[%emt 0:00:01]} c4 {[%emt 0:00:01]} 7. h3 {[%emt 0:00:01]} b5 {[%emt 0:00:01]} 8. Bd3 {[%emt 0:00:03]} cxd3 {[%emt 0:00:03]} 9. O-O {[%emt 0:00:09]} Bd6 {[%emt 0:00:01]} 10. Ne5 {[%emt 0:00:02]} Bxe5 {[%emt 0:00:01]} 11. Bxe5 {[%emt 0:00:03]} Nxe5 {[%emt 0:00:01]} 12. dxe5 {[%emt 0:00:01]} Ne7 {[%emt 0:00:01]} 13. Nf3 {[%emt 0:00:01]} Bd7 {[%emt 0:00:01]} 14. Qxd3 {[%emt 0:00:05]} O-O {[%emt 0:00:01]} 15. Qe2 {[%emt 0:00:09]} Qc7 {[%emt 0:00:01]} 16. Rac1 {[%emt 0:00:02]} a5 {[%emt 0:00:01]} 17. b3 {[%emt 0:00:02]} a4 {[%emt 0:00:01]} 18. Rfe1 {[%emt 0:00:06]} axb3 {[%emt 0:00:02]} 19. axb3 {[%emt 0:00:03]} Rfc8 {[%emt 0:00:00]} 20. c4 {[%emt 0:00:01]} bxc4 {[%emt 0:00:01] Zeit (Lag: Av=0.46s, max=1.1s)} 0-1